| 000 | 00587nam a2200181Ia 4500 | ||
|---|---|---|---|
| 008 | 090630s9999 xx 000 0 und d | ||
| 082 | _b21109 | ||
| 100 | _aबागुल प्रभाकर. | ||
| 245 |
_aराजा दशरथ. _cबागुल प्रभाकर. |
||
| 260 |
_bजयदीप. _c1999 |
||
| 300 | _a40 | ||
| 600 | _aबागुल प्रभाकर. | ||
| 630 | _aराजा दशरथ. | ||
| 655 | _aबालवाङमय. | ||
| 700 | _aबागुल प्रभाकर. | ||
| 730 | _aराजा दशरथ. | ||
| 942 | _cBOOK | ||
| 999 |
_c272965 _d272965 |
||